| 000 | 00946nam a2200193 i 4500 | ||
|---|---|---|---|
| 001 | 159666 | ||
| 003 | ES-MaACL | ||
| 005 | 20230906211723.0 | ||
| 008 | 991125m18791882gt |||| | spa d | ||
| 100 | 1 |
_aMilla, José. _9129923 |
|
| 245 | 1 | 0 |
_aHistoria de la América Central, desde el descubrimiento del país por los españoles (1502) hasta su independencia de la España (1821) _b: precedida de una "Noticia histórica" relativa a las naciones que habitaban la América Central a la llegada de los españoles / _cJosé Milla. |
| 260 |
_aGuatemala : _b[s.n.], _c1879-1882 ( _fTipografía Nacional) |
||
| 300 |
_a2 v. (LXXV, 342, 13 ; IV, 389, 22 p.) ; _c25 cm. |
||
| 530 | _aDisponible en formato digital. | ||
| 651 | 4 |
_aAmérica central- _xHistoria- _yHasta 1821. _9157871 |
|
| 752 |
_aGuatemala - _dGuatemala |
||
| 852 |
_aES-MaACL _jF-730-31 |
||
| 856 |
_uhttp://bdh-rd.bne.es/viewer.vm?id=0000044162&page=1 _zBiblioteca Digital Hispánica |
||
| 999 |
_c159666 _d159666 |
||